Statistics for Pick the Odd One Out - #2

Click here to take the quiz!

General Stats

  • This quiz has been taken 40 times
  • The average score is 8 of 10

Answer Stats

QuestionAnswer% Correct
Which of these is NOT a String instrumentEuphonium
97%
Which of these was NOT a president of the USA.John D. Rockefeller
93%
Which of these is NOT a Canadian CityRochester
90%
Which of these is NOT a Square Number15
86%
Which of these is NOT part of AfricaYemen
86%
Which of these was NOT a Queen songWild Horses
83%
Which of these countries has NOT won a FIFA World Cup?Colombia
79%
Which of these countries is NOT east of TurkeyMontenegro
66%
Which of these was NOT a Roman emperorLeonidas
55%
Which of these is NOT a main character of the TV show 'The Office'Amy
52%

Score Distribution

Percentile by Number Answered

Percent of People with Each Score

Your Score History

You have not taken this quiz